[Event "Amplico ch-EUR Rapid"]
[Site "Warsaw POL"]
[Date "2012.12.15"]
[Round "4.48"]
[White "Demuth, Adrien"]
[Black "Sygulski, Pawel"]
[Result "1/2-1/2"]
[WhiteTitle "IM"]
[WhiteElo "2480"]
[BlackElo "2246"]
[WhiteFideId "642274"]
[BlackFideId "1128175"]
[EventDate "2012.12.15"]

1. d4 d6 2. Nf3 g6 3. c4 Bg7 4. Nc3 Nf6 5. e4 O-O 6. Be2 e5 7. dxe5 dxe5 8. Qxd8
Rxd8 9. Nd5 Nxd5 10. cxd5 c6 11. Bc4 Bf6 12. Be3 cxd5 13. Bxd5 Nc6 14. O-O-O Bg4
15. Bxc6 bxc6 16. Rxd8+ Rxd8 17. Rd1 Rxd1+ 18. Kxd1 a6 19. Kd2 Kf8 20. Kc3 Ke7
21. Kb4 Kd6 22. Ka5 Bc8 23. Nd2 c5 24. Kb6 Bd8+ 25. Ka7 Kc6 26. Nc4 f6 27. b3
Bc7 28. Bd2 h5 29. Ba5 Bxa5 30. Nxa5+ Kb5 31. Nc4 Be6 32. Nd6+ Kc6 33. Nb7 Kb5
34. Nd6+ Kc6 35. Nb7 Kb5 36. a4+ Kb4 37. Kb6 Bxb3 38. Nxc5 Bxa4 39. Nxa6+ Kc4
40. Kc7 f5 41. f3 Bc2 42. Kd6 fxe4 43. fxe4 Kd4 44. Nc5 h4 45. g3 g5 46. Ne6+
Kxe4 47. Nxg5+ Kf5 48. gxh4 e4 49. Kd5 e3 50. Kd4 Be4 51. Nf3 Bxf3 52. Kxe3 1/2-1/2

[Event "Amplico ch-EUR Rapid"]
[Site "Warsaw POL"]
[Date "2012.12.15"]
[Round "5.5"]
[White "Mista, Aleksander"]
[Black "Sargissian, Gabriel"]
[Result "1/2-1/2"]
[WhiteTitle "GM"]
[BlackTitle "GM"]
[WhiteElo "2562"]
[BlackElo "2666"]
[WhiteFideId "1110381"]
[BlackFideId "13300881"]
[EventDate "2012.12.15"]

1. c4 e6 2. g3 d5 3. Bg2 dxc4 4. Na3 Bxa3 5. bxa3 c6 6. Bb2 Nf6 7. Qc2 b5 8. Nf3
Bb7 9. O-O Nbd7 10. Rfd1 O-O 11. d3 cxd3 12. Rxd3 Qe7 13. Rad1 Nd5 14. e4 N5b6
15. Ne5 Nc5 16. Rd6 Nca4 17. Nxc6 Bxc6 18. Rxc6 Rac8 19. Be5 Nc4 20. Bd6 Nxd6
21. Rdxd6 Qxd6 22. Rxc8 Qxa3 23. Bf1 Rxc8 24. Qxc8+ Qf8 25. Qc6 g6 26. Bxb5 Nb6
27. a4 Qb4 28. h4 Kg7 29. Kg2 h5 30. Kg1 Qe1+ 31. Kg2 Qb4 32. Kg1 Qe1+ 33. Kg2 1/2-1/2

[Event "Amplico ch-EUR Rapid"]
[Site "Warsaw POL"]
[Date "2012.12.15"]
[Round "5.6"]
[White "Petrosian, Tigran L."]
[Black "Papin, Vasily"]
[Result "1-0"]
[WhiteTitle "GM"]
[BlackTitle "GM"]
[WhiteElo "2648"]
[BlackElo "2561"]
[WhiteFideId "13301616"]
[BlackFideId "4143183"]
[EventDate "2012.12.15"]

1. e4 c5 2. Nc3 a6 3. f4 b5 4. Nf3 e6 5. d3 Bb7 6. g4 d5 7. Bg2 b4 8. Ne2 dxe4
9. Ne5 Nd7 10. Ng3 Nxe5 11. fxe5 Ne7 12. Nxe4 Nc6 13. Bf4 Be7 14. O-O O-O 15.
Kh1 Ra7 16. Qe1 Qd4 17. Rb1 Kh8 18. Qg3 Ba8 19. h4 Qd8 20. h5 Nd4 21. Qf2 h6 22.
Rbd1 Rd7 23. Bg3 a5 24. c3 Nb5 25. Qc2 Bc6 26. Kh2 Bxe4 27. Bxe4 Nc7 28. Bc6 Nd5
29. Bxd7 Ne3 30. Qa4 Bh4 31. Bf4 Nxd1 32. Rxd1 Bf2 33. Bg3 Bxg3+ 34. Kxg3 Qg5
35. Rf1 Qxe5+ 36. Kf3 f5 37. Kg2 Qe2+ 38. Rf2 Qxg4+ 39. Kf1 f4 40. Qc6 Qd1+ 41.
Kg2 Qg4+ 42. Kh1 Qxh5+ 43. Kg1 Rf5 44. Qa8+ Kh7 45. Qe4 Kh8 46. Qa8+ Kh7 47. Qf3
Rg5+ 48. Kf1 Qg6 49. Bc6 Rg1+ 50. Ke2 bxc3 51. Be4 cxb2 52. Bxg6+ Kxg6 53. Rg2+ 1-0

[Event "Amplico ch-EUR Rapid"]
[Site "Warsaw POL"]
[Date "2012.12.15"]
[Round "5.7"]
[White "Erdos, Viktor"]
[Black "Tazbir, Marcin"]
[Result "1/2-1/2"]
[WhiteTitle "GM"]
[BlackTitle "IM"]
[WhiteElo "2640"]
[BlackElo "2555"]
[WhiteFideId "719978"]
[BlackFideId "1122452"]
[EventDate "2012.12.15"]

1. c4 e5 2. g3 f5 3. Nc3 Nf6 4. Nf3 Nc6 5. d4 e4 6. Nh4 g6 7. Bg5 Kf7 8. e3 Bb4
9. Rc1 h6 10. Bxf6 Qxf6 11. c5 d5 12. cxd6 cxd6 13. Qb3+ Kg7 14. Bb5 Be6 15. Qa4
Bxc3+ 16. Rxc3 Bd5 17. Bc4 Qf7 18. O-O g5 19. Ng2 Bxc4 20. Rxc4 Rab8 21. Rc3 Qd5
22. Rfc1 Kg6 23. Ne1 Rhc8 24. Qa3 a5 25. Qa4 b5 26. Qd1 Ne7 27. Rc7 Rxc7 28.
Rxc7 Rb7 29. Qc1 Kf6 30. b3 Rxc7 31. Qxc7 a4 32. Nc2 Qc6 33. Qxc6 Nxc6 34. Na3
axb3 35. axb3 Na7 36. Nc2 Nc6 37. Na3 b4 38. Nc2 d5 39. Kg2 Ke6 40. f4 g4 1/2-1/2

[Event "Amplico ch-EUR Rapid"]
[Site "Warsaw POL"]
[Date "2012.12.15"]
[Round "5.9"]
[White "Jaracz, Pawel"]
[Black "Tkachiev, Vladislav"]
[Result "1/2-1/2"]
[WhiteTitle "GM"]
[BlackTitle "GM"]
[WhiteElo "2548"]
[BlackElo "2650"]
[WhiteFideId "1102222"]
[BlackFideId "618438"]
[EventDate "2012.12.15"]

1. e4 d6 2. d4 g6 3. Nc3 Bg7 4. Nf3 Nf6 5. Be3 a6 6. Qe2 c6 7. h4 Bg4 8. Qd2 Qc7
9. Bh6 Bxh6 10. Qxh6 Nbd7 11. Nh2 Qb6 12. Qd2 c5 13. d5 Ne5 14. Nxg4 Nexg4 15.
Be2 h5 16. f3 Ne5 17. O-O-O Qa5 18. f4 Neg4 19. Bxg4 Nxg4 20. Rhe1 f6 21. e5
dxe5 22. fxe5 Nxe5 23. d6 O-O-O 24. Qf4 Rxd6 25. Rxd6 exd6 26. Qxf6 Qd8 27. Qe6+
Qd7 28. Qd5 Rd8 29. Ne4 Nc6 30. Rf1 Nb4 31. Qb3 Qg4 32. Qc4 Nxa2+ 33. Kb1 Nb4
34. c3 Nc6 35. Qd5 Kb8 36. Rf7 Ka8 37. Ka2 Qxg2 38. Qb3 Nb4+ 39. cxb4 Qxe4 40.
b5 1/2-1/2

[Event "Amplico ch-EUR Rapid"]
[Site "Warsaw POL"]
[Date "2012.12.15"]
[Round "5.11"]
[White "Gorovets, Andrey"]
[Black "Rapport, Richard"]
[Result "1-0"]
[WhiteTitle "IM"]
[BlackTitle "GM"]
[WhiteElo "2474"]
[BlackElo "2621"]
[WhiteFideId "13504037"]
[BlackFideId "738590"]
[EventDate "2012.12.15"]

1. c4 g6 2. d4 Bg7 3. e4 d6 4. Nc3 Nf6 5. Be2 O-O 6. Bg5 Na6 7. Qd2 e5 8. d5 Bd7
9. Bd1 Qe8 10. Nge2 Nc5 11. f3 a5 12. Bc2 Kh8 13. g4 Ng8 14. Ng3 f6 15. Be3 Ne7
16. O-O-O a4 17. h4 f5 18. exf5 gxf5 19. Nh5 Nb3+ 20. axb3 axb3 21. Bxb3 Qg6 22.
Bc2 Ra1+ 23. Nb1 Rfa8 24. Nxg7 Qxg7 25. gxf5 Bxf5 26. Rhg1 Qf7 27. Be4 Bg6 28.
Qd3 c6 29. Bg5 cxd5 30. Bxg6 Nxg6 31. Qxd5 Qf5 32. Qe4 Qe6 33. h5 Rc8 34. b3 b5
35. hxg6 bxc4 36. g7+ Kg8 37. b4 c3 38. Qd5 Qxd5 39. Rxd5 Rc4 40. Bf6 c2 41. Kb2
Rxb1+ 42. Rxb1 cxb1=Q+ 43. Kxb1 Rxb4+ 44. Kc2 Rb6 45. Ra5 Rb8 46. Ra7 Re8 47.
Kd3 d5 48. Ke3 h5 49. Rd7 d4+ 50. Ke4 Kh7 51. Bxe5 h4 52. Rxd4 Kg6 53. Rd6+ Kg5
54. f4+ Kh5 55. f5 h3 56. Rd3 Kh4 57. Rxh3+ 1-0

[Event "Amplico ch-EUR Rapid"]
[Site "Warsaw POL"]
[Date "2012.12.15"]
[Round "5.12"]
[White "Dziuba, Marcin"]
[Black "Popov, Valerij"]
[Result "0-1"]
[WhiteTitle "GM"]
[BlackTitle "GM"]
[WhiteElo "2602"]
[BlackElo "2557"]
[WhiteFideId "1112953"]
[BlackFideId "4119410"]
[EventDate "2012.12.15"]

1. c4 e6 2. Nf3 d5 3. g3 dxc4 4. Qa4+ c6 5. Qxc4 b5 6. Qc2 Bb7 7. Bg2 Nd7 8. O-O
Ngf6 9. Nc3 a6 10. a4 Rc8 11. e4 b4 12. e5 Ng4 13. Ne4 c5 14. Neg5 Be7 15. h3
Bxg5 16. hxg4 Be7 17. b3 Rc7 18. Re1 Qa8 19. Qd3 O-O 20. Bb2 a5 21. Rac1 Rd8 22.
Qe3 Nb6 23. Red1 Rcd7 24. d3 Bd5 25. Ne1 Bxg2 26. Nxg2 Qd5 27. d4 Qb7 28. Nf4 h6
29. Rd3 Nd5 30. Nxd5 Rxd5 31. Rc4 Bg5 32. f4 Be7 33. Kh2 R5d7 34. Qf3 Qa6 35.
Kg2 Rd5 36. Rd1 f6 37. exf6 Bxf6 38. g5 hxg5 39. fxg5 Rxg5 40. Rxc5 Rxc5 41.
dxc5 Rxd1 42. Qxd1 Qc6+ 43. Kh3 Bxb2 44. Qd8+ Kf7 45. Qxa5 Qh1+ 46. Kg4 Qe4+ 47.
Kh3 Be5 48. Qa7+ Kf6 49. Qd7 Qf5+ 50. Kg2 Qc2+ 51. Kh3 Qxc5 52. Qd8+ Kf5 53. a5
Qd5 54. Qf8+ Kg5 55. Qf1 Qxa5 56. Qc1+ Kf6 0-1

[Event "Amplico ch-EUR Rapid"]
[Site "Warsaw POL"]
[Date "2012.12.15"]
[Round "5.13"]
[White "Swiercz, Dariusz"]
[Black "Drozdowski, Kacper"]
[Result "1-0"]
[WhiteTitle "GM"]
[BlackTitle "FM"]
[WhiteElo "2627"]
[BlackElo "2426"]
[WhiteFideId "1126881"]
[BlackFideId "1136720"]
[EventDate "2012.12.15"]

1. d4 Nf6 2. c4 g6 3. Nf3 Bg7 4. Nc3 d5 5. Bg5 Ne4 6. h4 c5 7. cxd5 Nxc3 8. bxc3
Qxd5 9. e3 cxd4 10. exd4 O-O 11. Be2 Nc6 12. O-O e5 13. c4 Qd6 14. d5 Nd4 15.
Nxd4 exd4 16. Bd3 Bd7 17. Re1 Rfe8 18. Qd2 b6 19. Bf4 Qa3 20. Rac1 Bf8 21. Be4
f5 22. Bf3 Rxe1+ 23. Qxe1 Re8 24. Qd2 Qc5 25. h5 Bg7 26. d6 g5 27. Bd5+ Kh8 28.
Bxg5 Qxd6 29. h6 Be5 30. f4 Bf6 31. Rd1 d3 32. Qxd3 Bb2 33. Kh1 Be6 34. Qc2 Bd4
35. Rxd4 Qc5 36. Qc3 Kg8 37. Bxe6+ Kf8 38. Rd5 1-0

[Event "Amplico ch-EUR Rapid"]
[Site "Warsaw POL"]
[Date "2012.12.15"]
[Round "5.14"]
[White "Czerwonski, Aleksander"]
[Black "Romanov, Evgeny"]
[Result "0-1"]
[WhiteTitle "IM"]
[BlackTitle "GM"]
[WhiteElo "2377"]
[BlackElo "2616"]
[WhiteFideId "1100459"]
[BlackFideId "4148843"]
[EventDate "2012.12.15"]

1. d4 d5 2. c4 dxc4 3. Nf3 Nf6 4. e3 b5 5. a4 b4 6. Bxc4 e6 7. Nbd2 Be7 8. O-O
O-O 9. Qe2 Bb7 10. a5 c5 11. dxc5 Nbd7 12. c6 Bxc6 13. Nd4 Rc8 14. Nxc6 Rxc6 15.
Nb3 Qc7 16. Bd3 Ne5 17. Nd4 Rc5 18. Bd2 Rxa5 19. Rxa5 Qxa5 20. Bb1 Rc8 21. f4
Ned7 22. Kh1 Qb6 23. Nf3 Bd6 24. Nh4 Re8 25. Qd3 a5 26. e4 e5 27. Nf5 Bf8 28.
Qg3 g6 29. Be3 Qa6 30. Rd1 Qe2 31. Re1 Qxb2 32. fxe5 Qxe5 33. Qg5 Nxe4 34. Qh6
Nf2+ 35. Kg1 Ng4 36. Qh3 Qc3 37. Qg3 Rxe3 0-1

[Event "Amplico ch-EUR Rapid"]
[Site "Warsaw POL"]
[Date "2012.12.15"]
[Round "5.15"]
[White "Shirov, Alexei"]
[Black "Maier, Christian"]
[Result "1-0"]
[WhiteTitle "GM"]
[BlackTitle "IM"]
[WhiteElo "2708"]
[BlackElo "2354"]
[WhiteFideId "2209390"]
[BlackFideId "4601955"]
[EventDate "2012.12.15"]

1. e4 e6 2. d4 d5 3. Nc3 Be7 4. Nf3 Nf6 5. Bd3 a6 6. e5 Nfd7 7. Ne2 c5 8. c3 Nc6
9. h4 cxd4 10. cxd4 Nb6 11. Bg5 Bd7 12. Rc1 Nb4 13. Bb1 Nc4 14. Bxe7 Qxe7 15.
Qb3 O-O-O 16. Qc3 Kb8 17. a3 Nc6 18. Bd3 Rc8 19. Bxc4 dxc4 20. O-O Na7 21. Nf4
Bc6 22. Rfd1 Rhd8 23. Qe3 Bxf3 24. Qxf3 Qxh4 25. d5 g5 26. g3 Qh6 27. Ne2 exd5
28. Rxd5 g4 29. Qxf7 Rf8 30. Qe7 Rce8 31. Qc5 Nc6 32. Rxc4 Qg6 33. Nf4 Qb1+ 34.
Rc1 Qe4 35. e6 Rxf4 36. gxf4 Rxe6 37. Rf5 h5 38. Rf8+ Kc7 39. Rf7+ Kb8 40. Qb6
Re7 41. Rxe7 Nxe7 42. Qd6+ Ka7 43. Qe5 Qh7 44. Qc5+ Kb8 45. Qc7+ Ka7 46. Re1 1-0

[Event "Amplico ch-EUR Rapid"]
[Site "Warsaw POL"]
[Date "2012.12.15"]
[Round "5.19"]
[White "Ragger, Markus"]
[Black "Leniart, Arkadiusz"]
[Result "1-0"]
[WhiteTitle "GM"]
[BlackTitle "IM"]
[WhiteElo "2655"]
[BlackElo "2470"]
[WhiteFideId "1610856"]
[BlackFideId "1124226"]
[EventDate "2012.12.15"]

1. d4 Nf6 2. Nf3 g6 3. c4 Bg7 4. Nc3 d5 5. cxd5 Nxd5 6. e4 Nxc3 7. bxc3 c5 8.
Bb5+ Nd7 9. O-O O-O 10. Bg5 h6 11. Be3 Qa5 12. Bd3 Qxc3 13. Rc1 Qa3 14. dxc5 Ne5
15. Nxe5 Bxe5 16. Bc4 Bg7 17. Rb1 Qa5 18. Bd5 Qc7 19. Qc1 e6 20. Bf4 Be5 21.
Bxe5 Qxe5 22. Bxb7 Bxb7 23. Rxb7 Qxe4 24. Rb3 Kg7 25. c6 Rac8 26. Rc3 Rc7 27.
Rc4 Qe5 28. Re1 Qg5 29. Re3 Rd8 30. h4 Qd5 31. Qc3+ Kg8 32. Re1 Qd2 33. Qe5 Qd6
34. Qf6 Qe7 35. Qf3 h5 36. Rec1 Rd5 37. Qb3 Qd6 38. g3 Rd3 39. Qb8+ Kg7 40. Qb2+
e5 41. a4 Rd2 42. Qc3 Rd3 43. Qc2 Qd5 44. Qe2 f5 45. Rc5 Qd4 46. R1c4 Rd2 47.
Qxe5+ Qxe5 48. Rxe5 Kf6 49. Rb5 Rd8 50. Rb7 Rdc8 51. Rc5 Ke6 52. Ra5 Rxc6 53.
Raxa7 f4 54. Re7+ Kd6 55. Rg7 fxg3 56. Rxg6+ Kc5 57. Rxc6+ Rxc6 58. fxg3 Kd4 59.
Ra5 Rh6 60. Kg2 Ke4 61. Rb5 Rh8 62. a5 1-0

[Event "Amplico ch-EUR Rapid"]
[Site "Warsaw POL"]
[Date "2012.12.15"]
[Round "5.20"]
[White "Berzinsh, Roland"]
[Black "Istratescu, Andrei"]
[Result "0-1"]
[WhiteTitle "IM"]
[BlackTitle "GM"]
[WhiteElo "2411"]
[BlackElo "2654"]
[WhiteFideId "11600357"]
[BlackFideId "1200372"]
[EventDate "2012.12.15"]

1. e4 e6 2. d4 d5 3. exd5 exd5 4. c4 Nf6 5. Nc3 Bb4 6. Nf3 O-O 7. Be2 dxc4 8.
Bxc4 Re8+ 9. Be3 Be6 10. Bxe6 Rxe6 11. O-O Nbd7 12. Ng5 Re7 13. Qb3 Bxc3 14.
bxc3 b6 15. Rfe1 h6 16. Nf3 c6 17. Bf4 Nd5 18. Bg3 b5 19. a4 a6 20. Rxe7 Nxe7
21. c4 Nb6 22. c5 Nc4 23. Re1 Nd5 24. h3 Qd7 25. Ne5 Nxe5 26. Bxe5 Re8 27. Ra1
b4 28. a5 f6 29. Bd6 Qb7 30. Qd3 Qb5 31. Qg6 Qe2 32. Rb1 Qe4 33. Qxe4 Rxe4 34.
Rd1 Nc3 35. Rd2 Rxd4 36. Rb2 h5 37. f3 h4 38. Kf2 Nd1+ 0-1

[Event "Amplico ch-EUR Rapid"]
[Site "Warsaw POL"]
[Date "2012.12.15"]
[Round "5.21"]
[White "Sieciechowicz, Marcin"]
[Black "Gajewski, Grzegorz"]
[Result "0-1"]
[WhiteTitle "IM"]
[BlackTitle "GM"]
[WhiteElo "2443"]
[BlackElo "2644"]
[WhiteFideId "1130170"]
[BlackFideId "1116207"]
[EventDate "2012.12.15"]

1. d4 Nf6 2. c4 e6 3. Nf3 d5 4. Nc3 Bb4 5. Bg5 Nbd7 6. cxd5 exd5 7. e3 c5 8. Bd3
c4 9. Bf5 Qa5 10. O-O O-O 11. Qc2 Re8 12. Nd2 g6 13. Bh3 Kg7 14. Bh4 Bxc3 15.
bxc3 Nb6 16. Bxc8 Raxc8 17. Bxf6+ Kxf6 18. e4 Kg7 19. e5 Na4 20. Rac1 Rc6 21. f4
Rb6 22. Rf3 f5 23. exf6+ Rxf6 24. f5 gxf5 25. Rxf5 Nxc3 26. Nxc4 Ne2+ 27. Kf2
Qd8 28. Rb1 Nxd4 29. Rxb7+ Kg8 0-1

[Event "Amplico ch-EUR Rapid"]
[Site "Warsaw POL"]
[Date "2012.12.15"]
[Round "5.23"]
[White "Jussupow, Artur"]
[Black "Laurusas, Tomas"]
[Result "1-0"]
[WhiteTitle "GM"]
[WhiteElo "2611"]
[BlackElo "2413"]
[WhiteFideId "4618777"]
[BlackFideId "12803731"]
[EventDate "2012.12.15"]

1. d4 d5 2. Nf3 Nf6 3. e3 Bf5 4. Nh4 Bg4 5. Qd3 c6 6. h3 Be6 7. Nd2 g6 8. Be2
Bg7 9. O-O O-O 10. f4 c5 11. c3 Qc7 12. b3 Nc6 13. Bb2 a6 14. dxc5 Nd7 15. b4
Nxb4 16. cxb4 Bxb2 17. Rab1 Bf6 18. Ndf3 d4 19. exd4 Bxa2 20. Ra1 Bd5 21. Qe3 e6
22. g4 Rad8 23. g5 Bg7 24. Ne5 Nb8 25. Nhf3 f6 26. gxf6 Rxf6 27. Ng5 Nc6 28. b5
axb5 29. Bxb5 Ne7 30. Bd3 Nf5 31. Bxf5 Rxf5 32. Rab1 Rdf8 33. Ne4 Bh6 34. Ng5
Qe7 35. h4 Bg7 36. Qg3 Bxe5 37. fxe5 Kh8 38. Rxf5 gxf5 39. Qf4 Qg7 40. Kh2 Ra8
41. Rg1 Ra2+ 42. Kh3 Qe7 43. Nf3 Ra3 44. Rg3 Qf8 45. h5 h6 46. Nh4 Rxg3+ 47.
Qxg3 Qg7 48. Ng6+ Kh7 49. Qh4 Bc6 50. Qd8 Qg8 51. Nf8+ Kh8 52. Qf6+ Qg7 1-0

[Event "Amplico ch-EUR Rapid"]
[Site "Warsaw POL"]
[Date "2012.12.15"]
[Round "5.24"]
[White "Schmidt, Wlodzimierz"]
[Black "Rozentalis, Eduardas"]
[Result "0-1"]
[WhiteTitle "GM"]
[BlackTitle "GM"]
[WhiteElo "2370"]
[BlackElo "2602"]
[WhiteFideId "1100041"]
[BlackFideId "12800023"]
[EventDate "2012.12.15"]

1. d4 Nf6 2. c4 e6 3. Nc3 Bb4 4. Qc2 d5 5. cxd5 Qxd5 6. Nf3 c5 7. a3 Bxc3+ 8.
Qxc3 Ne4 9. Qc2 Nc6 10. dxc5 Nxc5 11. Be3 Nb3 12. Rd1 Qa5+ 13. Nd2 Nbd4 14. Bxd4
Nxd4 15. Qd3 e5 16. f3 O-O 17. Kf2 Bf5 18. e4 Be6 19. Be2 Rac8 20. b4 Qb6 21.
Qe3 Rc2 22. Rc1 Rfc8 23. Rxc2 Rxc2 24. Rd1 Qc7 25. Bd3 Ra2 26. Bb1 Rb2 27. Kg1
h6 28. f4 Bg4 29. Re1 Ne2+ 0-1

[Event "Amplico ch-EUR Rapid"]
[Site "Warsaw POL"]
[Date "2012.12.15"]
[Round "5.26"]
[White "Kula, Robert"]
[Black "Markowski, Tomasz"]
[Result "0-1"]
[WhiteTitle "FM"]
[BlackTitle "GM"]
[WhiteElo "2345"]
[BlackElo "2558"]
[WhiteFideId "1101218"]
[BlackFideId "1105680"]
[EventDate "2012.12.15"]

1. e4 c5 2. Nf3 e6 3. d4 cxd4 4. Nxd4 a6 5. Nc3 b5 6. Bd3 d6 7. O-O Nf6 8. Bg5
Be7 9. Kh1 Bb7 10. f3 O-O 11. Qe1 Nbd7 12. f4 b4 13. Nd1 Nc5 14. Nf2 a5 15. Rd1
Nfd7 16. Bxe7 Qxe7 17. Nb5 Rad8 18. Qe3 e5 19. f5 Nf6 20. g4 h6 21. g5 hxg5 22.
Rg1 g4 23. Rxg4 Nxg4 24. Nxg4 Qh4 25. Rg1 d5 26. Rg3 dxe4 27. Be2 Nd3 28. f6 Nf4
29. fxg7 Rfe8 30. Qb6 e3+ 31. Qxb7 Nxe2 32. Rf3 0-1

[Event "Amplico ch-EUR Rapid"]
[Site "Warsaw POL"]
[Date "2012.12.15"]
[Round "5.27"]
[White "Stocek, Jiri"]
[Black "Baghdasaryan, Vahe"]
[Result "0-1"]
[WhiteTitle "GM"]
[BlackTitle "IM"]
[WhiteElo "2557"]
[BlackElo "2388"]
[WhiteFideId "304760"]
[BlackFideId "13303139"]
[EventDate "2012.12.15"]

1. d4 d5 2. c4 c6 3. Nf3 Nf6 4. Nc3 e6 5. Bg5 dxc4 6. e4 b5 7. e5 h6 8. Bh4 g5
9. Bg3 Nd5 10. Nd2 Qa5 11. Nde4 b4 12. Na4 c3 13. Qb3 Nd7 14. h4 g4 15. h5 Ba6
16. Rc1 Bxf1 17. Kxf1 Qb5+ 18. Kg1 Qd3 19. Re1 Qxd4 20. Kh2 Nxe5 21. bxc3 bxc3
22. Qb7 Rd8 23. Naxc3 Bg7 24. Rd1 Qb6 25. Rb1 Qxb7 26. Rxb7 Nxc3 27. Nxc3 O-O
28. Rxa7 Nd3 29. Ne2 Rd5 30. Rb1 Rxh5+ 31. Kg1 Rb5 32. Rxb5 cxb5 33. Rd7 Nc5 34.
Ra7 Ne4 35. Bf4 Rd8 36. Be3 Rd1+ 37. Kh2 Re1 38. Nd4 g3+ 0-1

[Event "Amplico ch-EUR Rapid"]
[Site "Warsaw POL"]
[Date "2012.12.15"]
[Round "5.28"]
[White "Yakovich, Yuri"]
[Black "Antoms, Guntars"]
[Result "1-0"]
[WhiteTitle "GM"]
[BlackTitle "IM"]
[WhiteElo "2517"]
[BlackElo "2376"]
[WhiteFideId "4100654"]
[BlackFideId "11601469"]
[EventDate "2012.12.15"]

1. d4 Nf6 2. c4 c5 3. d5 b5 4. cxb5 a6 5. bxa6 Bxa6 6. Nc3 d6 7. g3 g6 8. Bg2
Bg7 9. Nf3 O-O 10. O-O Nbd7 11. Rb1 Qa5 12. Bd2 Rfb8 13. b3 Ng4 14. Qc2 c4 15.
h3 cxb3 16. axb3 Rc8 17. b4 Qc7 18. hxg4 Bxe2 19. Rfc1 Qc4 20. Qe4 Bd3 21. Qxc4
Rxc4 22. Nd1 Bxb1 23. Rxc4 Ba2 24. Rc7 Nb6 25. Rxe7 Bf6 26. Re1 Bxd5 27. Bc3 Kg7
28. g5 Bxc3 29. Nxc3 Bc4 30. Nd2 Rc8 31. Nce4 Bd5 32. Nxd6 Rc2 33. Ne8+ Kf8 34.
Nf6 Be6 35. Nde4 Rb2 36. Nc5 1-0

[Event "Amplico ch-EUR Rapid"]
[Site "Warsaw POL"]
[Date "2012.12.15"]
[Round "5.29"]
[White "Gritsak, Orest"]
[Black "Meskovs, Nikita"]
[Result "1/2-1/2"]
[WhiteTitle "GM"]
[BlackTitle "FM"]
[WhiteElo "2549"]
[BlackElo "2314"]
[WhiteFideId "14102188"]
[BlackFideId "11602740"]
[EventDate "2012.12.15"]

1. Nf3 Nf6 2. c4 c5 3. g3 g6 4. Bg2 Bg7 5. O-O O-O 6. Nc3 Nc6 7. d4 d6 8. e3 Bf5
9. b3 Qc8 10. Bb2 Rd8 11. Rc1 Bh3 12. d5 Bxg2 13. Kxg2 Na5 14. Qc2 a6 15. a4 Qc7
16. Rb1 e6 17. e4 exd5 18. exd5 Re8 19. Nd2 Qe7 20. h3 Rab8 21. Ba1 b6 22. Nd1
b5 23. Ne3 Ne4 24. Bxg7 Kxg7 25. axb5 axb5 26. Rfe1 f5 27. Nef1 Qf6 28. Nxe4
fxe4 29. Ne3 bxc4 30. bxc4 h5 31. Rxb8 Rxb8 32. Rb1 Rf8 33. Qb2 Qd4 34. h4 Rf7
35. Qe2 Qc3 36. Qb2 Qd4 37. Qc2 Rb7 38. Rxb7+ Nxb7 39. Qa4 Nd8 40. Qd7+ Nf7 41.
g4 Qf6 42. gxh5 Qf3+ 43. Kg1 Qxh5 44. Qe7 Qf3 45. Kf1 Qh1+ 46. Ke2 Qf3+ 47. Ke1
Qf4 48. Ke2 Qe5 49. Qd7 Qb2+ 50. Kf1 Qf6 51. Qg4 Qe5 52. Kg2 Kf6 53. Qh3 Qf4 54.
Qe6+ Kg7 55. Qg4 Qe5 56. Qg3 Qf6 57. h5 Qg5 58. hxg6 Kxg6 59. Ng4 Kf5 60. Ne3+
Kg6 61. Ng4 Kf5 62. Ne3+ Kg6 1/2-1/2

[Event "Amplico ch-EUR Rapid"]
[Site "Warsaw POL"]
[Date "2012.12.15"]
[Round "5.30"]
[White "Piorun, Kacper"]
[Black "Weichhold, Pawel"]
[Result "1-0"]
[WhiteTitle "GM"]
[WhiteElo "2529"]
[BlackElo "2382"]
[WhiteFideId "1130420"]
[BlackFideId "1139703"]
[EventDate "2012.12.15"]

1. c4 Nf6 2. Nc3 g6 3. e4 d6 4. d4 Bg7 5. Bd3 e5 6. d5 a5 7. Nge2 O-O 8. Bg5 h6
9. Bd2 Na6 10. O-O c6 11. Rb1 Bd7 12. Ng3 Nc5 13. Bc2 cxd5 14. exd5 Kh7 15. b3
Qc7 16. h3 Rae8 17. f3 Na6 18. a3 b5 19. cxb5 Bxb5 20. Nxb5 Qc5+ 21. Kh1 Qxb5
22. b4 Rc8 23. Ne4 Nxe4 24. fxe4 axb4 25. axb4 Qc4 26. Rb2 Qd4 27. Rb3 Rb8 28.
b5 Nc7 29. Bd3 Nxb5 30. Bxb5 Qxe4 31. Ba5 Ra8 32. Qd2 h5 33. Bc6 Rab8 34. Rb4
Rxb4 35. Qxb4 Qd3 36. Re1 Qa6 37. Bc7 1-0

[Event "Amplico ch-EUR Rapid"]
[Site "Warsaw POL"]
[Date "2012.12.15"]
[Round "5.33"]
[White "Rublevsky, Sergei"]
[Black "Juknis, Paulius"]
[Result "1-0"]
[WhiteTitle "GM"]
[WhiteElo "2688"]
[BlackElo "2135"]
[WhiteFideId "4115309"]
[BlackFideId "12802247"]
[EventDate "2012.12.15"]

1. e4 d5 2. exd5 Nf6 3. Nf3 Qxd5 4. Nc3 Qd6 5. d4 a6 6. g3 Bg4 7. Bg2 Nc6 8. O-O
O-O-O 9. d5 Nb4 10. Bf4 Qc5 11. Be3 Qa5 12. Qd4 Bxf3 13. Bxf3 Nxc2 14. Qa7 Nxe3
15. Qxe3 Kb8 16. b4 Qb6 17. Qd3 e6 18. Rab1 Nxd5 19. b5 a5 20. Rfd1 Bc5 21. Bxd5
exd5 22. Nxd5 Qe6 23. Qf3 f6 24. Rbc1 Bb6 25. a4 Rd6 26. Nxb6 Rxb6 27. Qc3 Rc8
28. Rd8 Qe5 29. Rxc8+ Kxc8 30. Qxa5 Kb8 31. Re1 Qh5 32. h4 Qf7 33. Qb4 Re6 34.
Rc1 Qe7 35. Qc3 Re2 36. a5 Qe5 37. Qd3 Re1+ 38. Rxe1 Qxe1+ 39. Kg2 Qxa5 40. Qxh7
Qxb5 41. Qxg7 Qd5+ 42. Kh2 Qf5 43. Qg8+ Ka7 44. Qa2+ Kb8 45. Qe2 b5 46. h5 Ka7
47. h6 Qg6 48. Qe3+ Kb7 49. Qf4 c5 50. Qh4 Qh7 51. Qxf6 Qc2 52. Qf7+ Kb6 53. h7
Qb2 54. Qf8 1-0

[Event "Amplico ch-EUR Rapid"]
[Site "Warsaw POL"]
[Date "2012.12.15"]
[Round "5.34"]
[White "Nyzhnyk, Illya"]
[Black "Wisniowska, Klaudia"]
[Result "1-0"]
[WhiteTitle "GM"]
[WhiteElo "2637"]
[BlackElo "2188"]
[WhiteFideId "14118084"]
[BlackFideId "1181238"]
[EventDate "2012.12.15"]

1. d4 Nf6 2. c4 g6 3. Nf3 Bg7 4. g3 O-O 5. Bg2 d6 6. Nc3 Nc6 7. O-O a6 8. b3 Bd7
9. Bb2 Rb8 10. Rc1 b5 11. cxb5 axb5 12. Qc2 Nb4 13. Qd2 Na6 14. e4 c5 15. e5 Ne8
16. Ne4 Bf5 17. Qe2 cxd4 18. Nxd4 Bd7 19. e6 fxe6 20. Ng5 Nec7 21. Ndxe6 Nxe6
22. Nxe6 Bxe6 23. Qxe6+ Kh8 24. Bxg7+ Kxg7 25. Rfe1 Nc5 26. Qxe7+ Qxe7 27. Rxe7+
Rf7 28. Rxf7+ Kxf7 29. b4 Nd3 30. Rc7+ Kf6 31. a3 h6 32. Rc3 Ne5 33. Bd5 g5 34.
f3 Nd7 35. Kf2 Nb6 36. Ba2 Ke5 37. Ke3 d5 38. Rc6 Nc4+ 39. Bxc4 dxc4 40. f4+
gxf4+ 41. gxf4+ Kd5 42. Rc5+ Kd6 43. Kd4 Rb7 44. Rh5 Ra7 45. Rxh6+ 1-0